| 000 | 00625nam a2200217Ia 4500 | ||
|---|---|---|---|
| 003 | GCL | ||
| 008 | 140319s9999 xx 000 0 ara d | ||
| 040 |
_aGCL / _cGCL |
||
| 082 | 0 | 4 |
_a811.9 _bن ن |
| 100 | 1 | _aنعمات احمد فؤاد | |
| 245 | 1 | 0 |
_aناجى الشاعر / _cنعمات احمد فؤاد |
| 300 | _a144 ص | ||
| 490 | _a | ||
| 650 | 0 | 4 | _aالادب العربى |
| 650 | 0 | 4 | _aالعصر الحديث |
| 650 | 0 | 4 | _aالشعر العربى - تاريخ ونقد |
| 650 | 0 | 4 | _aالشعراء |
| 650 | 0 | 4 | _aابراهيم ناجى |
| 650 | 0 | 4 | _aالشعراء العرب - مصر |
| 942 |
_2ddc _cBK |
||
| 999 |
_c47883 _d47883 |
||